000
00272nam a2200109Ia 4500
008
230907s9999||||xx |||||||||||||| ||und||
082
_a
5.8
_b
SMI
100
_a
Smith, Richard E.,
245
0
_a
Elementary information security /
300
_a
xxi, 866 pages :
942
_c
BK
999
_c
600428
_d
600428